MARC

LEADER 00000nam0a2200000 4500
001 349434
005 20231102010213.0
035 |a (RuTPU)RU\TPU\retro\1625 
035 |a RU\TPU\book\355586 
090 |a 349434 
100 |a 20180511d1956 km y0rusy50 ca 
101 0 |a rus 
102 |a RU 
105 |a a z 001zy 
200 1 |a Водозаборы подземных вод  |f С. К. Абрамов, М. П. Семенов, А. М. Чалищев 
205 |a 2-е изд., перераб. 
210 |a Москва  |c Госстройиздат  |d 1956 
215 |a 256 с.  |c ил. 
320 |a Библиогр.: с. 250-253 
606 1 |a Гидрогеология  |2 stltpush  |3 (RuTPU)RU\TPU\subj\38647  |9 59032 
606 |a Водозаборные сооружения  |x Проектирование  |2 stltpush  |3 (RuTPU)RU\TPU\subj\2825  |9 31335 
610 1 |a гидрогеологические изыскания 
610 1 |a состав 
610 1 |a съемочные работы 
610 1 |a буровые работы 
610 1 |a лабораторные работы 
610 1 |a подземные воды 
610 1 |a запасы 
610 1 |a определение 
610 1 |a водозаборы 
610 1 |a проектирование 
610 1 |a буровые скважины 
610 1 |a фильтры 
610 1 |a конструкции 
610 1 |a расчет 
610 1 |a шахтные колодцы 
610 1 |a водоносные пески 
610 1 |a каптажи 
610 1 |a водоподъемники 
675 |a 556.3  |v 4 
675 |a 628.11  |v 4 
700 1 |a Абрамов  |b С. К.  |g Сергей Кузьмич 
701 1 |a Семенов  |b М. П.  |g Михаил Павлович 
701 1 |a Чалищев  |b А. М.  |g Александр Матвеевич 
801 1 |a RU  |b 63413507  |c 20170322 
801 2 |a RU  |b 63413507  |c 20180514  |g RCR 
942 |c BK